International Business / (Record no. 7248)
[ view plain ]
| 000 -LEADER | |
|---|---|
| fixed length control field | 00717nam a22002297a 4500 |
| 003 - CONTROL NUMBER IDENTIFIER | |
| control field | BUBTL |
| 008 - FIXED-LENGTH DATA ELEMENTS--GENERAL INFORMATION | |
| fixed length control field | 240307b ||||| |||| 00| 0 eng d |
| 020 ## - INTERNATIONAL STANDARD BOOK NUMBER | |
| International Standard Book Number | 9788120348639 |
| 041 ## - LANGUAGE CODE | |
| Language code of text/sound track or separate title | eng |
| 082 ## - DEWEY DECIMAL CLASSIFICATION NUMBER | |
| Classification number | 658.049/ P2811i/ 2022 |
| 100 ## - MAIN ENTRY--PERSONAL NAME | |
| 9 (RLIN) | 5723 |
| Personal name | Paul, Justin |
| 245 ## - TITLE STATEMENT | |
| Title | International Business / |
| Statement of responsibility, etc. | Justin Paul |
| 250 ## - EDITION STATEMENT | |
| Edition statement | 6th ed |
| 260 ## - PUBLICATION, DISTRIBUTION, ETC. (IMPRINT) | |
| Place of publication, distribution, etc. | India: |
| Name of publisher, distributor, etc. | PHI Learning Private Limited, |
| Date of publication, distribution, etc. | c2022 |
| 300 ## - PHYSICAL DESCRIPTION | |
| Extent | xxi, 770 p. : |
| Dimensions | 24 cm. |
| 500 ## - GENERAL NOTE | |
| General note | Includes Index |
| 505 ## - FORMATTED CONTENTS NOTE | |
| Formatted contents note | International Business, Emerging Scenario, Foreign Trade and Investment, WTO, Legal and Cultural Environment |
| 650 #0 - SUBJECT ADDED ENTRY--TOPICAL TERM | |
| 9 (RLIN) | 39 |
| Topical term or geographic name as entry element | Management |
| 856 ## - ELECTRONIC LOCATION AND ACCESS | |
| Password | 0 |
| Logon | 0 |
| Link text | Download |
| 942 ## - ADDED ENTRY ELEMENTS (KOHA) | |
| Source of classification or shelving scheme | |
| Koha item type | Books |
| Withdrawn status | Lost status | Source of classification or shelving scheme | Damaged status | Not for loan | Collection code | Permanent location | Current location | Shelving location | Date acquired | Source of acquisition | Inventory number | Total Checkouts | Full call number | Barcode | Date last seen | Copy number | Price effective from | Koha item type |
|---|---|---|---|---|---|---|---|---|---|---|---|---|---|---|---|---|---|---|
| Not For Loan | Non-fiction | Bangladesh University of Business and Technology Library | Bangladesh University of Business and Technology Library | Management Stacks | 01/24/2024 | Purchase | 30006 | 658.049/ P2811i/ 2022 | BUBTL-200330006 | 03/07/2024 | C-1 | 03/07/2024 | Books | |||||
| Not For Loan | Non-fiction | Bangladesh University of Business and Technology Library | Bangladesh University of Business and Technology Library | Management Stacks | 01/24/2024 | Purchase | 30007 | 658.049/ P2811i/ 2022 | BUBTL-200330007 | 03/07/2024 | C-2 | 03/07/2024 | Books |
